[Event "Skopje MKD"]
[Site "Skopje MKD"]
[Date "2014.04.04"]
[Round "8.17"]
[White "Djukic, Nikola"]
[Black "Kanmazalp, Ogulcan"]
[Result "1-0"]
[WhiteElo "2551"]
[BlackElo "2416"]
[PlyCount "81"]
[EventDate "2014.03.29"]
[EventType "swiss"]
[EventRounds "9"]

1. e4 c5 2. Nf3 Nc6 3. d4 cxd4 4. Nxd4 g6 5. Nc3 Bg7 6. Be3 Nf6 7. Bc4 O-O 8.
Bb3 d6 9. f3 Bd7 10. h4 h5 11. Qd2 Rc8 12. O-O-O Ne5 13. Bg5 Rc5 14. Kb1 b5 15.
g4 a5 16. gxh5 Nxh5 17. Nd5 Re8 18. a3 Nc4 19. Qg2 Kf8 20. f4 Rxd5 21. exd5 Ne3
22. Qg1 Nxd1 23. Ne6+ fxe6 24. Bh6 Kf7 25. dxe6+ Bxe6 26. Bxe6+ Kxe6 27. Qxg6+
Nf6 28. Bxg7 Nf2 29. Re1+ Kd7 30. h5 N2g4 31. h6 Nxh6 32. Qxh6 Rg8 33. Bxf6
exf6 34. Qh1 Qa8 35. Qh3+ Kc6 36. Qc3+ Kd7 37. Qxf6 Qd5 38. Re7+ Kc8 39. Qc3+
Qc5 40. Qxa5 Rg1+ 41. Ka2 1-0

[Event "Skopje MKD"]
[Site "Skopje MKD"]
[Date "2014.04.04"]
[Round "8.18"]
[White "Roeder, Mathias"]
[Black "Antipov, Mikhail Al"]
[Result "1/2-1/2"]
[WhiteElo "2416"]
[BlackElo "2507"]
[PlyCount "72"]
[EventDate "2014.03.29"]
[EventType "swiss"]
[EventRounds "9"]

1. Nf3 Nf6 2. c4 c5 3. g3 b6 4. Bg2 Bb7 5. O-O d6 6. d4 cxd4 7. Qxd4 g6 8. Nc3
Bg7 9. b3 O-O 10. Bb2 Nbd7 11. Rfd1 Rc8 12. Ne1 Nd5 13. Qd2 Bxc3 14. Bxc3 Nxc3
15. Bxb7 Nxd1 16. Bxc8 Qxc8 17. Rxd1 Nf6 18. Ng2 Qc5 19. Ne3 Rc8 20. Nd5 Nxd5
21. Qxd5 Qa3 22. Rd2 Rc5 23. Qd4 a6 24. Qb2 Qxb2 25. Rxb2 f5 26. f4 Kf7 27. Kf2
e5 28. fxe5 Rxe5 29. Rd2 Ke6 30. Rd4 Ra5 31. a4 Rc5 32. h4 d5 33. cxd5+ Rxd5
34. Rb4 b5 35. g4 Ke5 36. gxf5 gxf5 1/2-1/2

[Event "Skopje MKD"]
[Site "Skopje MKD"]
[Date "2014.04.04"]
[Round "8.20"]
[White "Delchev, Aleksander"]
[Black "Kohlweyer, Bernd"]
[Result "1-0"]
[WhiteElo "2638"]
[BlackElo "2416"]
[PlyCount "61"]
[EventDate "2014.03.29"]
[EventType "swiss"]
[EventRounds "9"]

1. d4 Nf6 2. Bg5 e6 3. e4 h6 4. Bxf6 Qxf6 5. c3 d6 6. Bd3 e5 7. Ne2 g6 8. O-O
Bg7 9. f4 Qe7 10. f5 Nd7 11. fxg6 fxg6 12. Nd2 Bf6 13. Qb3 Kf8 14. a4 Kg7 15.
a5 Bg5 16. Nc4 Nf6 17. Kh1 h5 18. Qa3 c5 19. b4 cxd4 20. b5 Be6 21. Nxe5 dxc3
22. Nxg6 Kxg6 23. e5+ Kg7 24. exf6+ Bxf6 25. Rae1 Be5 26. Nf4 Bf7 27. Qxc3 Rae8
28. Qd2 Rh6 29. Nh3 Be6 30. Ng5 Qd7 31. Nf7 1-0

[Event "Skopje MKD"]
[Site "Skopje MKD"]
[Date "2014.04.04"]
[Round "8.21"]
[White "Stanojoski, Zvonko"]
[Black "Romanov, Evgeny"]
[Result "0-1"]
[WhiteElo "2415"]
[BlackElo "2636"]
[PlyCount "114"]
[EventDate "2014.03.29"]
[EventType "swiss"]
[EventRounds "9"]

1. e4 e5 2. Nf3 Nc6 3. Bb5 g6 4. d4 exd4 5. c3 a6 6. Bxc6 dxc6 7. Qxd4 Qxd4 8.
Nxd4 Bd7 9. Be3 O-O-O 10. Nd2 c5 11. N4b3 b6 12. O-O-O Re8 13. f3 h5 14. h4 a5
15. Nf1 Bg7 16. Nbd2 Ne7 17. Bf4 Be6 18. a3 Nc6 19. Ne3 Ne5 20. Kc2 a4 21. Nd5
Rd8 22. c4 Kb7 23. Bxe5 Bxe5 24. Nc3 Ra8 25. Rdf1 Bf4 26. Nd5 Bh6 27. f4 Rhd8
28. g3 f5 29. e5 Bxd5 30. cxd5 Rxd5 31. Rf3 b5 32. Re3 Re8 33. Nf3 c4 34. Rd1
Rxd1 35. Kxd1 c5 36. Re2 Rd8+ 37. Kc2 Kc7 38. Re3 Rd7 39. Nd2 Bf8 40. Nb1 Be7
41. Nd2 Rd8 42. Nf3 b4 43. Kc1 Rb8 44. Nd2 c3 45. bxc3 b3 46. Rd3 c4 47. Nxc4
Bc5 48. Rd5 Bf2 49. Rd3 Rd8 50. Nd6 Kc6 51. Kd2 Bc5 52. Nc4 Rxd3+ 53. Kxd3 Bf2
54. Nb2 Bxg3 55. Ke3 Bxh4 56. Nxa4 Be7 57. c4 Bxa3 0-1

[Event "Skopje MKD"]
[Site "Skopje MKD"]
[Date "2014.04.04"]
[Round "8.22"]
[White "Ivanisevic, Ivan"]
[Black "Drazic, Sinisa"]
[Result "0-1"]
[WhiteElo "2633"]
[BlackElo "2415"]
[PlyCount "134"]
[EventDate "2014.03.29"]
[EventType "swiss"]
[EventRounds "9"]

1. d4 e6 2. c4 d5 3. Nc3 a6 4. cxd5 exd5 5. Nf3 Nf6 6. Bg5 Be7 7. Qb3 c6 8. e3
O-O 9. Bd3 Re8 10. O-O Nbd7 11. h3 Nh5 12. Bxe7 Rxe7 13. Rad1 Nhf6 14. Qc2 Nf8
15. b4 Qd6 16. Rb1 Ng6 17. Rfe1 Bd7 18. Na4 Rae8 19. Nb6 Ne4 20. a4 Bf5 21. Ng5
Nh4 22. f4 Nxg5 23. Bxf5 Nxf5 24. Qxf5 Ne4 25. Nc8 Qd8 26. Nxe7+ Qxe7 27. Rb2
Qh4 28. Ra1 g6 29. Qd7 Nf6 30. Qxb7 Rxe3 31. Qxa6 Qxf4 32. Rd1 Ne4 33. Rf1 Qc7
34. Qa8+ Kg7 35. Qe8 f6 36. Rc2 Qb6 37. Qe7+ Kh6 38. Qf8+ Kg5 39. h4+ Kg4 40.
Qh6 Qxd4 41. Qf4+ Kh5 42. Kh2 Rg3 43. Qc7 h6 44. Rcf2 Nxf2 45. Qxg3 Ng4+ 46.
Kh3 f5 47. Qe1 Ne3 48. Rg1 Qg4+ 49. Kh2 Qf4+ 50. Kh1 Ng4 51. g3 Qf3+ 52. Rg2 d4
53. Kg1 Qa3 54. Rc2 Qxa4 55. Rc5 Qa8 56. Ra5 Qb8 57. Kg2 c5 58. Rxc5 Qa8+ 59.
Kh3 d3 60. Qd1 Qe4 61. b5 Qd4 62. Rc1 Qb2 63. Qg1 Qxb5 64. Rc5 Qb2 65. Rd5 Qe2
66. Rd4 d2 67. Rd5 d1=R 0-1

[Event "Skopje MKD"]
[Site "Skopje MKD"]
[Date "2014.04.04"]
[Round "8.23"]
[White "Nevednichy, Vladislav"]
[Black "Kojovic, Dragan"]
[Result "1-0"]
[WhiteElo "2591"]
[BlackElo "2387"]
[PlyCount "177"]
[EventDate "2014.03.29"]
[EventType "swiss"]
[EventRounds "9"]

1. e4 e5 2. Nf3 Nf6 3. d4 Nxe4 4. Bd3 Nc6 5. dxe5 d5 6. Nbd2 Nc5 7. Be2 Bf5 8.
O-O Be7 9. Nb3 Nxb3 10. axb3 O-O 11. c3 f6 12. exf6 Bxf6 13. Be3 Qd7 14. b4 a6
15. Qa4 Ne5 16. Qxd7 Bxd7 17. Nd4 Ng4 18. Bxg4 Bxg4 19. f3 Bd7 20. Rfd1 Rae8
21. Bf4 Bd8 22. Bg3 c6 23. h3 Bb6 24. Bf2 Bc7 25. Kf1 Bc8 26. Re1 Kf7 27. g4
Rxe1+ 28. Bxe1 h5 29. Kg2 Re8 30. Bf2 g6 31. Kf1 Bd7 32. Kg2 Bc8 33. Bg3 Bb6
34. Bd6 Bd7 35. Kg3 Bd8 36. f4 Re3+ 37. Nf3 Bf6 38. Kf2 Re4 39. Rg1 d4 40. Be5
d3 41. Rd1 Re2+ 42. Kg3 Re3 43. Bxf6 Kxf6 44. Rd2 c5 45. Kf2 Re7 46. bxc5 hxg4
47. hxg4 Bxg4 48. Rxd3 Rh7 49. Ng5 Rh1 50. Ne4+ Ke7 51. Kg2 Rb1 52. Rd2 Bd7 53.
Ng3 a5 54. Kf2 a4 55. Ne2 Bb5 56. Nd4 Bc4 57. c6 bxc6 58. Nxc6+ Ke6 59. Ke3 Ba2
60. Nd4+ Kf6 61. Nf3 Bb3 62. Ng5 Kf5 63. Nf3 Kf6 64. Nd4 Ba2 65. Nc6 Ke6 66.
Nb4 Bb3 67. Nd3 Kf5 68. Rg2 Bf7 69. Kd4 Rd1 70. c4 Be6 71. Kc3 Kf6 72. Ne5 Bf5
73. Ng4+ Kg7 74. Kb4 Re1 75. Kxa4 Re4 76. Kb5 Rxf4 77. Ne3 Bd7+ 78. Kc5 Re4 79.
Nd5 Bh3 80. Rg1 Bg4 81. Nc3 Rf4 82. b4 Bh3 83. Nd5 Rf2 84. b5 Rc2 85. b6 Rb2
86. Nb4 Bc8 87. Ra1 Kf6 88. Ra8 Bb7 89. Ra7 1-0

[Event "Skopje MKD"]
[Site "Skopje MKD"]
[Date "2014.04.04"]
[Round "8.24"]
[White "Parligras, Mircea Emilian"]
[Black "Cabrilo, Goran"]
[Result "1/2-1/2"]
[WhiteElo "2572"]
[BlackElo "2406"]
[PlyCount "145"]
[EventDate "2014.03.29"]
[EventType "swiss"]
[EventRounds "9"]

1. d4 Nf6 2. c4 g6 3. Nc3 Bg7 4. e4 d6 5. f3 O-O 6. Be3 e5 7. Nge2 c6 8. Qd2
Nbd7 9. d5 cxd5 10. cxd5 a6 11. g4 h5 12. h3 Nh7 13. Rg1 h4 14. O-O-O b5 15. b3
Nb6 16. Kb2 b4 17. Nb1 a5 18. Nc1 Bd7 19. Qf2 Rb8 20. Nd2 Bf6 21. Nc4 Nxc4+ 22.
Bxc4 Bg5 23. Ba7 Ra8 24. Nd3 Qc7 25. Bb6 Qb8 26. Kb1 Qb7 27. f4 exf4 28. Bd4 a4
29. Nxf4 axb3 30. Bxb3 Ba4 31. Nd3 Bxb3 32. axb3 Ra3 33. Qb2 Be7 34. Rge1 Ng5
35. Re3 Rc8 36. Rc1 Raa8 37. Rxc8+ Rxc8 38. Qd2 Rb8 39. Qf2 Re8 40. Qxh4 Nh7
41. Qf2 Bg5 42. Re1 Qe7 43. Bb2 Bh4 44. Qd4 Bf6 45. Qxb4 Bxb2 46. Kxb2 Ng5 47.
Re3 Qa7 48. Re2 Rb8 49. Qc3 Nf3 50. Nb4 Nd4 51. Nc6 Nxe2 52. Nxa7 Nxc3 53. Kxc3
Kf8 54. b4 Ke8 55. Nc6 Ra8 56. b5 Kd7 57. b6 Kc8 58. Kb4 Ra1 59. Kb5 Rb1+ 60.
Ka6 Ra1+ 61. Kb5 Rb1+ 62. Ka6 Ra1+ 63. Na5 f5 64. e5 dxe5 65. d6 Rb1 66. b7+
Kd7 67. Ka7 Kxd6 68. b8=Q+ Rxb8 69. Kxb8 Kd5 70. Kc7 e4 71. Nb3 e3 72. Nc1 Ke4
73. Kd6 1/2-1/2

[Event "Skopje MKD"]
[Site "Skopje MKD"]
[Date "2014.04.04"]
[Round "8.25"]
[White "Can, Emre"]
[Black "Bulmaga, Irina"]
[Result "0-1"]
[WhiteElo "2524"]
[BlackElo "2375"]
[PlyCount "264"]
[EventDate "2014.03.29"]
[EventType "swiss"]
[EventRounds "9"]

1. d4 Nf6 2. c4 e6 3. Nf3 d5 4. Nc3 Be7 5. Bf4 O-O 6. e3 Nbd7 7. c5 Nh5 8. Be5
Nxe5 9. Nxe5 Nf6 10. Bd3 Nd7 11. f4 Nxe5 12. fxe5 f5 13. O-O Bd7 14. b4 b6 15.
Ba6 c6 16. Ne2 Qc7 17. Kh1 Kh8 18. Qe1 Rab8 19. Nf4 Bg5 20. Nd3 Rf7 21. a3 Rbf8
22. Qd2 Bh6 23. a4 bxc5 24. Nxc5 f4 25. exf4 Bxf4 26. Qc3 Bc8 27. Be2 Qe7 28.
Rf3 Kg8 29. Raf1 Qh4 30. Rh3 Qg5 31. Qd3 g6 32. Rhf3 Bd2 33. b5 cxb5 34. axb5
Rxf3 35. Bxf3 Qe3 36. Qxe3 Bxe3 37. Nb3 Bd7 38. Re1 Bf2 39. Re2 Bh4 40. Nc5 Bc8
41. Kg1 Bd8 42. Bg4 Re8 43. Rf2 Bg5 44. Rf3 Bd8 45. g3 Kg7 46. h4 h5 47. Bh3
Bb6 48. Rd3 Kf7 49. Kf2 Ke7 50. Ke3 Bd7 51. Rb3 Rc8 52. Bf1 Bxc5 53. dxc5 Rxc5
54. Bd3 Be8 55. Kf4 Kf8 56. Ra3 Rc7 57. Ra5 Kg7 58. Ra6 Rf7+ 59. Ke3 Re7 60.
Kd4 Kf7 61. Ke3 Rc7 62. Kf4 Re7 63. Rd6 Rd7 64. Rc6 Rb7 65. Rc8 Re7 66. Ra8 Kg7
67. Ke3 Kf7 68. Kd4 Rc7 69. Ke3 Re7 70. Kf4 Kg7 71. Kf3 Kf7 72. Ke3 Rc7 73. Rb8
Re7 74. Rc8 Rb7 75. Kf4 Re7 76. Rc1 Rb7 77. Rc2 Kg7 78. Rc1 Bxb5 79. Bxb5 Rxb5
80. Kg5 Rb7 81. Rc6 Re7 82. Ra6 d4 83. Rd6 a5 84. Rxd4 Rf7 85. g4 hxg4 86. Kxg4
Rf5 87. Re4 Kh6 88. Re2 Kg7 89. Re4 Kf7 90. Kg3 Ke7 91. Rg4 Kf7 92. Re4 Kg7 93.
Kg4 Kh6 94. Re2 Rf8 95. Ra2 Ra8 96. Ra4 Ra7 97. Kf3 Kh5 98. Ke3 Ra8 99. Kf3
Rf8+ 100. Kg3 Ra8 101. Kf3 g5 102. hxg5 Kxg5 103. Ke4 Kg4 104. Ke3+ Kf5 105.
Rf4+ Kxe5 106. Ra4 Kd5 107. Kd3 Kc5 108. Kc3 Ra6 109. Rc4+ Kb5 110. Re4 Kc5
111. Rc4+ Kd5 112. Rd4+ Ke5 113. Ra4 Rc6+ 114. Kd3 Rc5 115. Rh4 Kd5 116. Rh8
Rb5 117. Ra8 e5 118. Rd8+ Kc5 119. Kc3 a4 120. Ra8 Rb3+ 121. Kc2 Rb4 122. Kd2
e4 123. Rc8+ Kd4 124. Ra8 e3+ 125. Ke2 Rb2+ 126. Ke1 Kd3 127. Rd8+ Kc3 128. Re8
e2 129. Rc8+ Kb3 130. Rb8+ Ka2 131. Ra8 a3 132. Ra7 Rc2 0-1

[Event "Skopje MKD"]
[Site "Skopje MKD"]
[Date "2014.04.04"]
[Round "8.26"]
[White "Ali Marandi, Cemil Can"]
[Black "Blagojevic, Dragisa"]
[Result "1/2-1/2"]
[WhiteElo "2380"]
[BlackElo "2517"]
[PlyCount "135"]
[EventDate "2014.03.29"]
[EventType "swiss"]
[EventRounds "9"]

1. e4 e5 2. Nf3 Nc6 3. Bb5 Nf6 4. O-O Nxe4 5. d4 Nd6 6. Bxc6 dxc6 7. dxe5 Ne4
8. Qe2 Bf5 9. Rd1 Qc8 10. Nd4 Bc5 11. c3 h6 12. Be3 O-O 13. f3 Bxd4 14. cxd4
Ng5 15. Nc3 Be6 16. Bxg5 hxg5 17. Ne4 f6 18. exf6 gxf6 19. h4 gxh4 20. Qe1 Bf5
21. Qxh4 Qd8 22. Qg3+ Kf7 23. Qf4 Bxe4 24. fxe4 Rg8 25. Rd2 Rg6 26. Rf1 Qe7 27.
e5 Rf8 28. Rdf2 Kg7 29. Rf3 f5 30. Rg3 Rxg3 31. Qxg3+ Kh6 32. Rf3 f4 33. Qg4
Qg5 34. Rh3+ Kg6 35. Qd7 Rf7 36. Qe8 Qe7 37. Qh8 Kf5 38. Qh5+ Ke6 39. Qg4+ Kd5
40. a3 f3 41. Rxf3 Rg7 42. Qf5 Qg5 43. Qc2 Ke6 44. Rf2 Qh5 45. Qc4+ Ke7 46. Qe2
Qxe2 47. Rxe2 Rg4 48. Rd2 Ke6 49. Kf2 c5 50. dxc5 Rc4 51. b4 a5 52. bxa5 Kxe5
53. Rb2 Rxc5 54. Rxb7 Rxa5 55. Rxc7 Rxa3 56. Rf7 Ra6 57. Kf3 Rg6 58. g3 Ke6 59.
Rf4 Ke7 60. Kg2 Rf6 61. Ra4 Kf7 62. g4 Kg6 63. Kg3 Rb6 64. Ra5 Rb1 65. Ra6+ Kg5
66. Ra5+ Kg6 67. Ra6+ Kg5 68. Ra5+ 1/2-1/2

[Event "Skopje MKD"]
[Site "Skopje MKD"]
[Date "2014.04.04"]
[Round "8.27"]
[White "Baron, Tal"]
[Black "Vucinic, Gojko"]
[Result "1-0"]
[WhiteElo "2513"]
[BlackElo "2343"]
[PlyCount "71"]
[EventDate "2014.03.29"]
[EventType "swiss"]
[EventRounds "9"]

1. d4 Nf6 2. c4 g6 3. Nc3 d5 4. Nf3 Bg7 5. Qb3 dxc4 6. Qxc4 O-O 7. e4 Be6 8.
Qa4 c5 9. d5 Bd7 10. Qb3 b5 11. e5 c4 12. Qd1 Ng4 13. Bf4 Qb6 14. Qe2 b4 15.
Nd1 Rc8 16. Rc1 Ba4 17. b3 c3 18. Qd3 Be8 19. h3 Nh6 20. g4 Nd7 21. Be2 f5 22.
Ne3 Nc5 23. Qd4 Ne4 24. gxf5 gxf5 25. Rg1 Bg6 26. Nc2 Nf7 27. Qxb6 axb6 28.
Nxb4 Kf8 29. Rc2 Nd2 30. Nd3 Nb1 31. Nd4 Na3 32. Rc1 Bh6 33. Ne6+ Ke8 34. Bxh6
Nxh6 35. Ndf4 Nb5 36. Ng5 1-0

[Event "Skopje MKD"]
[Site "Skopje MKD"]
[Date "2014.04.04"]
[Round "8.28"]
[White "Milenkovic, Mladen"]
[Black "Semcesen, Daniel"]
[Result "0-1"]
[WhiteElo "2373"]
[BlackElo "2502"]
[PlyCount "140"]
[EventDate "2014.03.29"]
[EventType "swiss"]
[EventRounds "9"]

1. e4 e5 2. Nf3 Nc6 3. d4 exd4 4. Nxd4 g6 5. Nc3 Bg7 6. Be3 Nf6 7. Nxc6 bxc6 8.
e5 Ng8 9. f4 Ne7 10. Qf3 d6 11. O-O-O Be6 12. Ne4 O-O 13. g4 Nd5 14. Bd2 f5 15.
gxf5 Bxf5 16. c4 dxe5 17. cxd5 cxd5 18. Ng3 e4 19. Qa3 Be6 20. Bc3 Rxf4 21.
Bxg7 Kxg7 22. Rg1 Kg8 23. Ne2 Rf5 24. Qc5 Qf8 25. Qc6 Bf7 26. Nd4 Rf2 27. Rg2
Rxg2 28. Bxg2 Rb8 29. Kb1 Qb4 30. Qc2 Rb6 31. Nb3 Qe7 32. Rc1 c6 33. Nd4 Be8
34. Bh3 Qe5 35. Nb3 Rb7 36. Nc5 Re7 37. Bf1 Kg7 38. a3 g5 39. Ka1 Bg6 40. Qa4
d4 41. Qb4 d3 42. Qe1 Re8 43. Qe3 Qf4 44. Qd4+ Kh6 45. Qc3 d2 46. Rd1 e3 47.
Be2 Qe5 48. Qc4 Rd8 49. h4 g4 50. Ne6 Rb8 51. Nd4 c5 52. Nb5 g3 53. Nc3 Rf8 54.
h5 Bc2 55. Rg1 Rf2 56. Qa6+ Rf6 57. Qxa7 Bf5 58. Qb7 Be6 59. Ne4 Rf7 60. Qc6
Rc7 61. Qa8 Rc8 62. Qa4 g2 63. Rxg2 Qd5 64. Kb1 Bf5 65. Rg4 Ra8 66. Qc2 Bxg4
67. Bxg4 Rf8 68. Nc3 Qe5 69. Ka2 Rf2 70. Be2 Rxe2 0-1

[Event "Skopje MKD"]
[Site "Skopje MKD"]
[Date "2014.04.04"]
[Round "8.29"]
[White "Dragicevic, Drazen"]
[Black "Harika, Dronavalli"]
[Result "0-1"]
[WhiteElo "2293"]
[BlackElo "2487"]
[PlyCount "144"]
[EventDate "2014.03.29"]
[EventType "swiss"]
[EventRounds "9"]

1. Nf3 Nf6 2. c4 d6 3. g3 Bd7 4. Nc3 g6 5. d3 Bg7 6. Bg2 Qc8 7. h3 a6 8. Be3
Nc6 9. Qd2 h6 10. Rc1 e5 11. d4 Bf5 12. c5 e4 13. Nh4 d5 14. Nxf5 Qxf5 15. O-O
Qe6 16. f3 Ne7 17. Bf4 Rc8 18. Be5 O-O 19. fxe4 Nxe4 20. Nxe4 dxe4 21. Bxg7
Kxg7 22. d5 Qe5 23. d6 Nf5 24. Qf4 cxd6 25. Qxe5+ dxe5 26. Bxe4 Nxg3 27. Bxb7
Rc7 28. Bxa6 Nxf1 29. Kxf1 Ra8 30. Bd3 Rxa2 31. b4 Rb2 32. b5 e4 33. Bxe4 Rxb5
34. c6 Kf6 35. Bf3 Ke7 36. Kf2 g5 37. Rc4 Re5 38. Rc3 f5 39. Rc4 Re6 40. Rc5
Kf6 41. Rc2 Kg6 42. Kg3 h5 43. h4 f4+ 44. Kf2 g4 45. Bd5 Re5 46. Bg2 Kf5 47.
Kf1 Ra5 48. Rc1 Rb5 49. Ke1 Ke5 50. Kf1 Ra5 51. Ke1 Kd6 52. Rd1+ Ke6 53. Rc1
Ra6 54. Kf2 Ra2 55. Kf1 Kd6 56. Rd1+ Ke7 57. Rc1 Kd8 58. Rc4 Re7 59. Be4 Kc7
60. Rb4 Kd6 61. Rc4 Rb2 62. Rd4+ Kc7 63. Rc4 Kb6 64. Rd4 Ra7 65. Rc4 f3 66. Bc2
fxe2+ 67. Kxe2 Rc7 68. Ke3 Rxc6 69. Rxc6+ Kxc6 70. Bg6 g3 71. Bxh5 g2 72. Bf3+
Kd6 0-1

[Event "Skopje MKD"]
[Site "Skopje MKD"]
[Date "2014.04.04"]
[Round "8.30"]
[White "Kadric, Denis"]
[Black "Oltian, Vata"]
[Result "1-0"]
[WhiteElo "2485"]
[BlackElo "2022"]
[PlyCount "45"]
[EventDate "2014.03.29"]
[EventType "swiss"]
[EventRounds "9"]

1. e4 e5 2. Bc4 Nc6 3. Nf3 Bc5 4. O-O Nf6 5. d3 O-O 6. Re1 d6 7. c3 Bb6 8. h3
Re8 9. Nbd2 h6 10. Bb3 Be6 11. Bc2 Nh5 12. Nf1 Qf6 13. Be3 Ne7 14. d4 Rad8 15.
Nxe5 dxe5 16. Qxh5 Ng6 17. d5 Bxe3 18. fxe3 Bc8 19. Ng3 Qb6 20. Bb3 Rd6 21. Kh2
Rf6 22. Qe2 Qd6 23. Nh5 1-0

[Event "Skopje MKD"]
[Site "Skopje MKD"]
[Date "2014.04.04"]
[Round "8.31"]
[White "Cawdery, Daniel"]
[Black "Firat, Burak"]
[Result "1/2-1/2"]
[WhiteElo "2362"]
[BlackElo "2480"]
[PlyCount "89"]
[EventDate "2014.03.29"]
[EventType "swiss"]
[EventRounds "9"]

1. e4 c5 2. Nf3 e6 3. d4 cxd4 4. Nxd4 Nc6 5. Be2 Nf6 6. Nc3 d6 7. O-O Be7 8.
Be3 O-O 9. f4 Bd7 10. Qe1 Nxd4 11. Bxd4 Bc6 12. Qg3 g6 13. Bf3 b5 14. Rad1 b4
15. e5 Bxf3 16. Qxf3 bxc3 17. exf6 Bxf6 18. Qxc3 Bxd4+ 19. Qxd4 d5 20. Rd2 Rb8
21. c3 Qe7 22. Re1 Rfd8 23. Re3 Rbc8 24. f5 Rc4 25. Qe5 gxf5 26. Qxf5 Qh4 27.
Qe5 Rg4 28. Rd4 Rxd4 29. cxd4 Kf8 30. Rf3 Rd7 31. Qh8+ Ke7 32. Qg7 Qh5 33. Qf6+
Kd6 34. h3 Qg6 35. Qe5+ Ke7 36. Qb8 a5 37. Kh2 Qe4 38. Qg8 Qg6 39. Qc8 Qe4 40.
Qc5+ Ke8 41. Qc8+ Ke7 42. Qg8 Qg6 43. Qb8 Qe4 44. Rf4 Qe3 45. Rg4 1/2-1/2

[Event "Skopje MKD"]
[Site "Skopje MKD"]
[Date "2014.04.04"]
[Round "8.32"]
[White "Pancevski, Filip"]
[Black "Aharon, Ofir"]
[Result "1/2-1/2"]
[WhiteElo "2466"]
[BlackElo "2316"]
[PlyCount "79"]
[EventDate "2014.03.29"]
[EventType "swiss"]
[EventRounds "9"]

1. f4 c5 2. Nf3 g6 3. g3 Bg7 4. Bg2 d5 5. O-O Nc6 6. d3 e6 7. c3 Nge7 8. e4 O-O
9. Na3 Rb8 10. Nc2 b5 11. Be3 b4 12. cxb4 d4 13. Bf2 Nxb4 14. Nxb4 Rxb4 15. b3
Ba6 16. Rc1 Qb6 17. Be1 Nc6 18. Rf2 Rb5 19. Nd2 Qb8 20. Nc4 Nb4 21. f5 exf5 22.
exf5 Re8 23. fxg6 hxg6 24. Bxb4 Rxb4 25. Bd5 Re7 26. Qf3 Rbb7 27. Bxb7 Bxb7 28.
Qf4 Qd8 29. Qd6 Qxd6 30. Nxd6 Bh6 31. Rf4 Bxf4 32. gxf4 Ba6 33. Rxc5 Bxd3 34.
Rd5 Re1+ 35. Kf2 Rf1+ 36. Kg3 Rg1+ 37. Kf2 Rf1+ 38. Kg2 Rd1 39. Kg3 Rg1+ 40.
Kf2 1/2-1/2

[Event "Skopje MKD"]
[Site "Skopje MKD"]
[Date "2014.04.04"]
[Round "8.33"]
[White "Nakhbayeva, Guliskhan"]
[Black "Antic, Dejan"]
[Result "1/2-1/2"]
[WhiteElo "2293"]
[BlackElo "2462"]
[PlyCount "91"]
[EventDate "2014.03.29"]
[EventType "swiss"]
[EventRounds "9"]

1. d4 e6 2. c4 Bb4+ 3. Nc3 c5 4. e3 Nc6 5. a3 Bxc3+ 6. bxc3 d6 7. Bd3 Nge7 8.
Ne2 e5 9. O-O f5 10. f3 O-O 11. g3 g5 12. Bd2 Ng6 13. Qc2 Qe7 14. Rf2 Bd7 15.
g4 Nh4 16. gxf5 Bxf5 17. Bxf5 Nxf5 18. d5 Na5 19. Kh1 Kh8 20. Rg1 h6 21. Qe4
Qh7 22. Be1 Nh4 23. Qg4 Rae8 24. Ng3 Nf5 25. Nf1 Qf7 26. Rfg2 Ng7 27. Rg3 Qg6
28. h4 e4 29. f4 Nxc4 30. hxg5 h5 31. Rh3 Qf5 32. Qh4 Kg8 33. Bf2 Qg6 34. Ng3
Nd2 35. Nxh5 Nf3 36. Nf6+ Rxf6 37. Rxf3 Rf5 38. Rh3 Rxd5 39. Qh6 Kf7 40. Qxg6+
Kxg6 41. Rh6+ Kf7 42. Kg2 Re6 43. c4 Rd2 44. Rh7 Kg6 45. Rgh1 Nf5 46. Kf1
1/2-1/2

[Event "Skopje MKD"]
[Site "Skopje MKD"]
[Date "2014.04.04"]
[Round "8.34"]
[White "Dimitrov, Radoslav"]
[Black "Emiroglu, Cankut"]
[Result "1/2-1/2"]
[WhiteElo "2459"]
[BlackElo "2328"]
[PlyCount "94"]
[EventDate "2014.03.29"]
[EventType "swiss"]
[EventRounds "9"]

1. e4 c6 2. Nc3 d5 3. d4 dxe4 4. Nxe4 Nd7 5. Ng5 Ngf6 6. Bd3 e6 7. N1f3 Bd6 8.
Qe2 h6 9. Ne4 Nxe4 10. Qxe4 Nf6 11. Qe2 b6 12. a4 a5 13. O-O Qc7 14. h3 Nd5 15.
Ne5 Bxe5 16. dxe5 Nb4 17. Bc4 Ba6 18. Bxa6 Nxa6 19. f4 g6 20. Be3 Nb4 21. Bf2
Nd5 22. Bh4 O-O 23. c4 Ne7 24. g4 Rad8 25. Qe3 Kh7 26. Rad1 Rxd1 27. Rxd1 Rd8
28. Qb3 g5 29. Bg3 gxf4 30. Bxf4 Ng6 31. Bg3 Rxd1+ 32. Qxd1 Nxe5 33. Qe2 f6 34.
Bxe5 fxe5 35. Qd3+ Kg7 36. Kg2 c5 37. b3 Qb7+ 38. Kg3 Qc7 39. Qd2 Qe7 40. h4
Kg6 41. Qd3+ Kg7 42. Qe4 Qd6 43. h5 Kh8 44. Qe3 Kh7 45. Qe4+ Kh8 46. Qa8+ Kg7
47. Qb7+ Kh8 1/2-1/2

[Event "Skopje MKD"]
[Site "Skopje MKD"]
[Date "2014.04.04"]
[Round "8.35"]
[White "Ketzetzis, Georgios"]
[Black "Smirnov, Artem"]
[Result "0-1"]
[WhiteElo "2183"]
[BlackElo "2445"]
[PlyCount "58"]
[EventDate "2014.03.29"]
[EventType "swiss"]
[EventRounds "9"]

1. e4 c5 2. Nf3 d6 3. d4 cxd4 4. Nxd4 Nf6 5. Nc3 Bd7 6. Bc4 e6 7. Ndb5 Bxb5 8.
Bxb5+ Nc6 9. O-O Be7 10. Kh1 a6 11. Be2 O-O 12. f4 Rc8 13. a3 d5 14. exd5 exd5
15. Bd3 Re8 16. Qf3 Bc5 17. Bd2 Nd4 18. Qh3 Ne4 19. Be3 Rc6 20. f5 Nxc3 21.
bxc3 Rxe3 22. Qxe3 Nxc2 23. Qf3 Nxa1 24. Rxa1 Bf8 25. c4 dxc4 26. Be4 Rd6 27.
Bxb7 Rd3 28. Qf1 c3 29. Be4 Rd2 0-1

[Event "Skopje MKD"]
[Site "Skopje MKD"]
[Date "2014.04.04"]
[Round "8.36"]
[White "Minko, Vladimir"]
[Black "Fier, Alexandr Hilario T"]
[Result "0-1"]
[WhiteElo "2295"]
[BlackElo "2595"]
[PlyCount "80"]
[EventDate "2014.03.29"]
[EventType "swiss"]
[EventRounds "9"]

1. d4 Nf6 2. c4 e6 3. g3 c5 4. d5 exd5 5. cxd5 d6 6. Nc3 g6 7. Bg2 Bg7 8. Nf3
O-O 9. O-O Re8 10. Nd2 a6 11. a4 Nbd7 12. h3 Rb8 13. Nc4 Ne5 14. Na3 Nh5 15. e4
Bd7 16. g4 Qh4 17. gxh5 Bxh3 18. Ne2 Ng4 19. Bf4 Bxg2 20. Kxg2 Rxe4 21. Bg3
Qxh5 22. Nc3 Bxc3 23. bxc3 Rbe8 24. Nc2 Re2 25. Re1 Nxf2 26. Rxe2 Nxd1 27.
Rxe8+ Kg7 28. c4 Qg4 29. Ne1 Nc3 30. Kh2 Ne4 31. Ra3 Qe2+ 32. Ng2 Qxc4 33. Bf4
Qxd5 34. Ne3 Qd4 35. Ng4 g5 36. Bc1 Qd1 37. Bb2+ f6 38. Re3 Qc2+ 39. Kh3 h5 40.
Re7+ Kg6 0-1

[Event "Skopje MKD"]
[Site "Skopje MKD"]
[Date "2014.04.04"]
[Round "8.38"]
[White "Dimic, Pavle"]
[Black "Todorovic, Goran M"]
[Result "0-1"]
[WhiteElo "2293"]
[BlackElo "2476"]
[PlyCount "96"]
[EventDate "2014.03.29"]
[EventType "swiss"]
[EventRounds "9"]

1. d4 d5 2. c4 e6 3. Nf3 Nf6 4. Nc3 c6 5. e3 Nbd7 6. Bd3 dxc4 7. Bxc4 b5 8. Be2
Bb7 9. O-O a6 10. e4 c5 11. e5 Nd5 12. Bg5 Nxc3 13. bxc3 Be7 14. Bxe7 Qxe7 15.
a4 c4 16. axb5 axb5 17. Rxa8+ Bxa8 18. Qa1 O-O 19. Qa6 Rb8 20. Rb1 Bb7 21. Qa5
Be4 22. Rxb5 Ra8 23. Qb4 Ra1+ 24. Bf1 Bd3 25. Nd2 Qxb4 26. Rxb4 Rd1 27. Rb2 Kf8
28. f3 Rc1 29. Kf2 Bxf1 30. Nxf1 Rxc3 31. Ne3 Rd3 32. Nxc4 Rxd4 33. Rc2 Rh4 34.
Kg3 g5 35. h3 Kg7 36. Kf2 Nf8 37. Nb2 Ng6 38. Nd3 Ra4 39. g3 h5 40. Ke3 h4 41.
Rg2 hxg3 42. Rxg3 Kh6 43. Rg4 Ra3 44. Re4 Nf4 45. Rd4 Kh5 46. Ke4 Nxd3 47. Rxd3
Rxd3 48. Kxd3 Kh4 0-1

[Event "Skopje MKD"]
[Site "Skopje MKD"]
[Date "2014.04.04"]
[Round "8.39"]
[White "Jovanovic, Bojan P"]
[Black "Berescu, Alin Mile"]
[Result "0-1"]
[WhiteElo "2254"]
[BlackElo "2459"]
[PlyCount "50"]
[EventDate "2014.03.29"]
[EventType "swiss"]
[EventRounds "9"]

1. d4 Nf6 2. c4 e6 3. Nf3 c5 4. dxc5 Bxc5 5. e3 O-O 6. Be2 d5 7. O-O Nc6 8. Nc3
dxc4 9. Bxc4 Qe7 10. Qe2 a6 11. b3 e5 12. e4 Bg4 13. Be3 Bd4 14. Bd2 b5 15. Bd5
b4 16. Bxc6 bxc3 17. Bg5 Rac8 18. Bd5 h6 19. Bxf6 Qxf6 20. Bb7 Rc7 21. Bxa6
Bxf3 22. gxf3 c2 23. Rac1 Rc6 24. Bc4 Qg5+ 25. Kh1 Rg6 0-1

[Event "Skopje MKD"]
[Site "Skopje MKD"]
[Date "2014.04.04"]
[Round "8.40"]
[White "Bogdanovski, Vlatko"]
[Black "Ozturk, Kubra"]
[Result "1-0"]
[WhiteElo "2447"]
[BlackElo "2288"]
[PlyCount "77"]
[EventDate "2014.03.29"]
[EventType "swiss"]
[EventRounds "9"]

1. Nf3 d5 2. g3 g6 3. Bg2 Bg7 4. O-O e5 5. d3 Ne7 6. e4 O-O 7. Nbd2 Nbc6 8. a3
a5 9. exd5 Nxd5 10. Re1 h6 11. Rb1 Bf5 12. Ne4 b5 13. Nc3 Nxc3 14. bxc3 Rb8 15.
Nd2 Ne7 16. c4 c6 17. Bb2 f6 18. a4 b4 19. Nb3 Qc7 20. Qe2 Rfe8 21. Qe3 Bf8 22.
f4 Bd7 23. fxe5 Nf5 24. Qf4 g5 25. Qe4 Qa7+ 26. Kh1 fxe5 27. Rf1 Ng7 28. Qg6
Re6 29. Qf7+ Kh8 30. Be4 Be7 31. d4 Rg8 32. d5 Be8 33. Qf2 Qxf2 34. Rxf2 cxd5
35. cxd5 Rf6 36. Rxf6 Bxf6 37. Rf1 Bd8 38. Bxe5 Bxa4 39. Nc5 1-0